Statistics for MineCraft Bedrock Edition #1

Click here to take the quiz!

General Stats

  • This quiz has been taken 172 times
  • The average score is 9 of 15

Answer Stats

QuestionAnswer% Correct
how many wither skulls do you need to spawn the wither3
92%
what are blast furnacesa furnace that smelts ores faster, but only ores
92%
what mob has a chance to drop a bowskeletons
91%
what is the name that turns animals upside downdinnerbone
90%
what mob spawns at villages to protect villagersiron golems
89%
what country did minecraft's creators live in the time of release of minecraftsweden
82%
what type of village is not in the gameswamp
74%
what colour is the bar for raidsred
63%
what update in minecraft java brought the oceanic update1.13.0
56%
who owns minecraftmicrosoft
42%
what year was minecraft alpha v 1.0.0 released2009
41%
what is the best food in the game (hunger wise)golden carrots
38%
how many bosses are they're3
32%
what mob just got added to minecraft in the newest update 1.13.0foxes
24%
what update brought pillagers,ravagers and raids to bedrock1.9.0
8%

Score Distribution

Percentile by Number Answered

Percent of People with Each Score

Your Score History

You have not taken this quiz